[Event "FIDE Open World Blitz 2021"]
[Site "Warsaw"]
[Date "2021.12.29"]
[Round "4.15"]
[White "Dreev, Aleksey"]
[Black "Dudin, Gleb"]
[Result "0-1"]
[WhiteElo "2635"]
[BlackElo "2339"]
[Annotator "ChessBase"]
[PlyCount "114"]
[EventDate "2021.12.29"]
[EventType "swiss"]
[EventCountry "POL"]
[Tiebreak "Cut1 Buchholz"]
[SourceTitle "playchess.com"]
[Source "ChessBase"]
[SourceQuality "1"]

1. d4 Nf6 2. Nf3 d5 3. g3 c6 4. Bg2 Bf5 5. O-O e6 6. c4 Nbd7 7. cxd5 cxd5 8.
Nc3 Be7 9. Nh4 Bg4 10. h3 Bh5 11. g4 Bg6 12. Nxg6 hxg6 13. Bf4 a6 14. Rc1 O-O
15. Qd3 Rc8 16. Rc2 Nb8 17. a3 Nc6 18. Rfc1 Qb6 19. Na4 Qb5 20. Qxb5 axb5 21.
Nb6 Rcd8 22. e3 Bd6 23. Bxd6 Rxd6 24. Rc3 Nxd4 25. exd4 Rxb6 26. Rc7 b4 27. a4
b3 28. a5 Rb4 29. R1c3 Ra8 30. R3c5 Ne8 31. Rd7 Nf6 32. Rdc7 Rxd4 33. Rxb7 Ra4
34. Rcc7 Rf8 35. Ra7 Ra2 36. a6 Rxb2 37. Rab7 Ra2 38. a7 b2 39. Kh2 Ne4 40.
Bxe4 dxe4 41. Kg3 g5 42. Re7 Kh7 43. Rec7 Rxa7 44. Rxa7 b1=Q 45. Rxf7 Rxf7 46.
Rxf7 Qd3+ 47. Kg2 Kg6 48. Re7 Kf6 49. Re8 e3 50. Rf8+ Ke7 51. Rf3 e2 52. Rxd3
e1=N+ 53. Kg3 Nxd3 54. f3 Kf6 55. h4 gxh4+ 56. Kxh4 g5+ 57. Kg3 Ke5 0-1

[Event "FIDE Open World Blitz 2021"]
[Site "Warsaw"]
[Date "2021.12.29"]
[Round "4.15"]
[White "Predke, Alexandr"]
[Black "Murzin, Volodar"]
[Result "1-0"]
[WhiteElo "2627"]
[BlackElo "2519"]
[Annotator "ChessBase"]
[PlyCount "120"]
[EventDate "2021.12.29"]
[EventType "swiss"]
[EventCountry "POL"]
[Tiebreak "Cut1 Buchholz"]
[SourceTitle "playchess.com"]
[Source "ChessBase"]
[SourceQuality "1"]

1. d4 Nf6 2. c4 g6 3. Nc3 Bg7 4. Nf3 d6 5. Bg5 Bf5 6. e3 Ne4 7. Nxe4 Bxe4 8.
Bd3 Bxd3 9. Qxd3 Nd7 10. O-O O-O 11. Rad1 Re8 12. b3 Qc8 13. d5 a5 14. Nd4 Nc5
15. Qc2 e5 16. dxe6 Nxe6 17. Nxe6 Qxe6 18. Bf4 b6 19. a4 Qe4 20. Qd3 Qxd3 21.
Rxd3 Be5 22. g3 Re6 23. Kg2 Rae8 24. Rd5 Kg7 25. Kf3 f6 26. h4 h5 27. Rfd1 Bxf4
28. gxf4 f5 29. Rg1 Kf7 30. Ke2 Ke7 31. Kd3 Kd7 32. Kc3 Kc6 33. Rg5 Rf6 34. Rd1
Ree6 35. Rg3 Kc5 36. Rd5+ Kc6 37. Kd3 Re7 38. Rg1 Re8 39. f3 Rfe6 40. Re1 Kd7
41. e4 fxe4+ 42. fxe4 Rf6 43. Rf1 Kc6 44. f5 Rg8 45. Rf3 gxf5 46. Rdxf5 Rh6 47.
Rg5 Rxg5 48. hxg5 Rg6 49. Rf5 h4 50. Ke3 h3 51. Kf2 Re6 52. Rf3 Re5 53. Rg3
Rxe4 54. Rxh3 Kd7 55. Rh7+ Ke6 56. Rxc7 Kf5 57. Rc6 Rd4 58. Ke3 Re4+ 59. Kd3
Rg4 60. Rxd6 Rg3+ 1-0

[Event "FIDE Open World Blitz 2021"]
[Site "Warsaw"]
[Date "2021.12.29"]
[Round "4.16"]
[White "Chigaev, Maksim"]
[Black "Kozak, Adam"]
[Result "1-0"]
[WhiteElo "2626"]
[BlackElo "2532"]
[Annotator "ChessBase"]
[PlyCount "73"]
[EventDate "2021.12.29"]
[EventType "swiss"]
[EventCountry "POL"]
[Tiebreak "Cut1 Buchholz"]
[SourceTitle "playchess.com"]
[Source "ChessBase"]
[SourceQuality "1"]

1. d4 Nf6 2. c4 e6 3. Nf3 b6 4. g3 Bb7 5. Bg2 Bb4+ 6. Nbd2 O-O 7. O-O Be7 8. b3
c5 9. Bb2 d6 10. e3 Nbd7 11. Qe2 cxd4 12. exd4 Qc7 13. d5 exd5 14. Rac1 Qd8 15.
Nd4 Re8 16. cxd5 Bf8 17. Qd1 Bxd5 18. Nc6 Bxc6 19. Rxc6 Rc8 20. Nc4 Rxc6 21.
Bxc6 Qc7 22. Qf3 Rc8 23. Bb7 Rb8 24. Bc6 b5 25. Ne3 Ne5 26. Bxe5 dxe5 27. Nd5
Nxd5 28. Bxd5 g6 29. Re1 Kg7 30. h4 Bd6 31. h5 Qe7 32. Rd1 Rb6 33. a4 bxa4 34.
bxa4 a5 35. Bc4 e4 36. h6+ Kg8 37. Qc3 1-0

[Event "FIDE Open World Blitz 2021"]
[Site "Warsaw"]
[Date "2021.12.29"]
[Round "4.16"]
[White "Kravtsiv, Martyn"]
[Black "Faizrakhmanov, Ramil"]
[Result "1-0"]
[WhiteElo "2616"]
[BlackElo "2396"]
[Annotator "ChessBase"]
[PlyCount "115"]
[EventDate "2021.12.29"]
[EventType "swiss"]
[EventCountry "POL"]
[Tiebreak "Cut1 Buchholz"]
[SourceTitle "playchess.com"]
[Source "ChessBase"]
[SourceQuality "1"]

1. e4 c6 2. Nf3 d5 3. d3 Qc7 4. g3 dxe4 5. dxe4 e5 6. Bg2 Nf6 7. O-O Be7 8.
Nbd2 O-O 9. Qe2 h6 10. b3 b6 11. Bb2 Ba6 12. Nc4 Nbd7 13. Rfd1 Rfd8 14. a4 Bc5
15. h3 Ne8 16. Bf1 Nd6 17. Nfxe5 Nxc4 18. Nxc4 Qxg3+ 19. Bg2 Bxc4 20. bxc4 Ne5
21. Kh1 Qf4 22. Bc3 Ng6 23. e5 Bd4 24. Bxd4 Rxd4 25. e6 Rxd1+ 26. Rxd1 Re8 27.
exf7+ Qxf7 28. Qf3 Qxf3 29. Bxf3 Ne5 30. Bg2 Kf8 31. f4 Nxc4 32. Bxc6 Re3 33.
Rd8+ Ke7 34. Rd7+ Kf6 35. Rxa7 Rxh3+ 36. Kg1 Ra3 37. Bb5 Ne3 38. Rc7 Ra2 39. c4
Rg2+ 40. Kh1 Rc2 41. Rb7 Nxc4 42. Kg1 Rc1+ 43. Kf2 Rc2+ 44. Kg3 Rc3+ 45. Kf2 g6
46. Ke2 Kf5 47. Rc7 Rc2+ 48. Kd3 Rd2+ 49. Kc3 Rd1 50. Rxc4 Rc1+ 51. Kb4 Rxc4+
52. Bxc4 Kxf4 53. Kb5 g5 54. Kxb6 g4 55. a5 g3 56. Bd5 h5 57. a6 h4 58. a7 1-0

[Event "FIDE Open World Blitz 2021"]
[Site "Warsaw"]
[Date "2021.12.29"]
[Round "4.17"]
[White "Petrosian, Tigran L."]
[Black "Duda, Jan-Krzysztof"]
[Result "1/2-1/2"]
[WhiteElo "2602"]
[BlackElo "2756"]
[Annotator "ChessBase"]
[PlyCount "138"]
[EventDate "2021.12.29"]
[EventType "swiss"]
[EventCountry "POL"]
[Tiebreak "Cut1 Buchholz"]
[SourceTitle "playchess.com"]
[Source "ChessBase"]
[SourceQuality "1"]

1. Nf3 Nf6 2. g3 b6 3. d3 d5 4. Bg2 Bb7 5. O-O g6 6. c4 dxc4 7. Qa4+ Nbd7 8.
Qxc4 e6 9. Bf4 c5 10. Nc3 a6 11. a4 Bg7 12. Ne5 Bxg2 13. Kxg2 Nxe5 14. Bxe5 O-O
15. Qh4 Nd5 16. Qxd8 Rfxd8 17. Nxd5 Rxd5 18. Bc7 c4 19. dxc4 Rc5 20. Bxb6 Rxc4
21. a5 Bxb2 22. Rad1 Rc2 23. e3 h5 24. Rd7 Bc3 25. Rc7 e5 26. Rb1 Rb2 27. Rd1
Bd2 28. Rd7 Bb4 29. R1d5 Re8 30. Ra7 e4 31. Rdd7 Rf8 32. Kf1 Rb1+ 33. Kg2 Rb2
34. Bd4 Ra2 35. Kf1 Rxa5 36. Rdb7 Ra4 37. h3 a5 38. g4 hxg4 39. hxg4 Ra3 40. g5
Rd3 41. Kg2 Rd1 42. Rd7 Rc1 43. Rdb7 Rc6 44. Rb5 Re6 45. Kg3 Rfe8 46. Kg4 R6e7
47. Rxe7 Bxe7 48. Re5 a4 49. Bc5 Kf8 50. Bxe7+ Rxe7 51. Ra5 Re6 52. Kf4 f5 53.
gxf6 Rxf6+ 54. Kg3 Rf3+ 55. Kg2 Rf5 56. Rxa4 Rg5+ 57. Kh3 Re5 58. Ra7 Kg8 59.
Kg4 Kf8 60. Rb7 Kg8 61. Rb2 Rf5 62. Kg3 Rf3+ 63. Kg2 Rf5 64. Rb8+ Kg7 65. Re8
Rg5+ 66. Kf1 Rg4 67. Ke2 Kf7 68. Re5 Kf6 69. Rb5 Rg1 1/2-1/2

[Event "FIDE Open World Blitz 2021"]
[Site "Warsaw"]
[Date "2021.12.29"]
[Round "4.17"]
[White "Krasenkow, Michal"]
[Black "Peng, Li Min"]
[Result "0-1"]
[WhiteElo "2576"]
[BlackElo "2412"]
[Annotator "ChessBase"]
[PlyCount "74"]
[EventDate "2021.12.29"]
[EventType "swiss"]
[EventCountry "POL"]
[Tiebreak "Cut1 Buchholz"]
[SourceTitle "playchess.com"]
[Source "ChessBase"]
[SourceQuality "1"]

1. d4 Nf6 2. c4 g6 3. Nc3 Bg7 4. e4 d6 5. Nf3 O-O 6. h3 e5 7. d5 Na6 8. Bg5 h6
9. Be3 Nc5 10. Nd2 a5 11. Be2 Nfd7 12. g4 g5 13. h4 f6 14. Nf1 Nb6 15. Ng3 Rf7
16. b3 Bf8 17. a3 a4 18. Bxc5 dxc5 19. bxa4 Qe8 20. Rb1 Nxa4 21. Nb5 c6 22.
dxc6 bxc6 23. Nd6 Bxd6 24. Qxd6 Nc3 25. Rc1 Nxe2 26. Kxe2 Bxg4+ 27. f3 Rxa3 28.
fxg4 Rxg3 29. hxg5 Qa8 30. Rc2 Qa3 31. Rf1 Rg2+ 32. Rf2 Rxf2+ 33. Kxf2 fxg5+
34. Kg1 Qe3+ 35. Kh2 Qf4+ 36. Kh3 Qxe4 37. Qd2 Qh1+ 0-1

[Event "FIDE Open World Blitz 2021"]
[Site "Warsaw"]
[Date "2021.12.29"]
[Round "4.18"]
[White "Nepomniachtchi, Ian"]
[Black "Sjugirov, Sanan"]
[Result "1-0"]
[WhiteElo "2782"]
[BlackElo "2589"]
[Annotator "TA"]
[PlyCount "143"]
[EventDate "2021.12.29"]
[EventType "swiss"]
[EventCountry "POL"]
[Tiebreak "Cut1 Buchholz"]
[SourceTitle "playchess.com"]
[Source "ChessBase"]
[SourceQuality "1"]

1. e4 e5 2. f4 d5 3. exd5 exf4 4. Nf3 Nf6 5. Bb5+ c6 6. dxc6 Nxc6 7. Nc3 Bd6 8.
Qe2+ Kf8 9. Bxc6 bxc6 10. b3 Bf5 11. Bb2 Qe8 12. O-O-O Qxe2 13. Nxe2 Re8 14.
Rde1 Nd5 15. a3 Rg8 16. c4 Nc7 17. Ned4 Bd7 18. Ng5 f6 19. Ne4 Be7 20. Rhf1 g5
21. g3 c5 22. Nc2 Kf7 23. gxf4 g4 24. Ne3 h5 25. f5 Bc6 26. d3 Bxe4 27. dxe4
Bd6 28. e5 Bxe5 29. Bxe5 Rxe5 30. Ng2 Rd8 31. Kc2 Ne8 32. Nh4 Rd4 33. Ng6 Rxe1
34. Rxe1 Rd7 35. Nf4 Ng7 36. Rf1 h4 37. Ng2 h3 38. Ne3 Rd4 39. Rg1 Rf4 40. Rxg4
Rf2+ 41. Kd3 Rxh2 42. Rh4 Rf2 43. Rxh3 Nxf5 44. Nxf5 Rxf5 45. Rh7+ Ke6 46. Rxa7
Rf3+ 47. Kc2 Rf2+ 48. Kc1 Rf1+ 49. Kd2 Rf2+ 50. Ke3 Ra2 51. a4 Rb2 52. Rb7 f5
53. a5 Ra2 54. Rb5 Kd6 55. Kf4 Rf2+ 56. Kg5 f4 57. Rb6+ Kc7 58. Rf6 Rb2 59.
Kxf4 Rxb3 60. Ke5 Rd3 61. Rf7+ Kb8 62. Rf6 Rd4 63. Rf4 Rd1 64. Ke6 Kb7 65. Rf5
Kc6 66. a6 Kb6 67. Rd5 Rc1 68. Rd6+ Kc7 69. a7 Kb7 70. Ra6 Ka8 71. Kd5 Rxc4 72.
Kxc4 1-0

[Event "FIDE Open World Blitz 2021"]
[Site "Warsaw"]
[Date "2021.12.29"]
[Round "4.18"]
[White "Czarnota, Pawel"]
[Black "Kuzmicz, Krystian"]
[Result "1-0"]
[WhiteElo "2502"]
[BlackElo "2281"]
[Annotator "ChessBase"]
[PlyCount "62"]
[EventDate "2021.12.29"]
[EventType "swiss"]
[EventCountry "POL"]
[Tiebreak "Cut1 Buchholz"]
[SourceTitle "playchess.com"]
[Source "ChessBase"]
[SourceQuality "1"]

1. e4 c5 2. Nf3 e6 3. d4 cxd4 4. Nxd4 Nf6 5. Nc3 Nc6 6. Nxc6 bxc6 7. Bd3 d5 8.
O-O Be7 9. Qe2 O-O 10. b3 Nd7 11. Bb2 Nc5 12. Rfe1 a5 13. Qg4 Nxd3 14. cxd3 Bf6
15. Rac1 Ba6 16. e5 Be7 17. d4 c5 18. Na4 cxd4 19. Bxd4 Bb5 20. Nc5 a4 21. Re3
axb3 22. axb3 g6 23. Rh3 Ra2 24. Nb7 Qd7 25. Nd6 Be2 26. Qf4 f6 27. Qh6 Bxd6
28. exd6 Qg7 29. Qxg7+ Kxg7 30. Rc7+ Kg8 31. Rhxh7 Rfa8 1-0

[Event "FIDE Open World Blitz 2021"]
[Site "Warsaw"]
[Date "2021.12.29"]
[Round "4.19"]
[White "Dubov, Daniil"]
[Black "Alonso Rosell, Alvar"]
[Result "1-0"]
[WhiteElo "2714"]
[BlackElo "2580"]
[Annotator "ChessBase"]
[PlyCount "61"]
[EventDate "2021.12.29"]
[EventType "swiss"]
[EventCountry "POL"]
[Tiebreak "Cut1 Buchholz"]
[SourceTitle "playchess.com"]
[Source "ChessBase"]
[SourceQuality "1"]

1. d4 f5 2. g3 Nf6 3. Bg2 g6 4. Nd2 d6 5. e4 Nc6 6. c3 e5 7. Ne2 Bg7 8. Qb3
exd4 9. O-O Na5 10. Qa4+ Nc6 11. Nxd4 O-O 12. Nxc6 bxc6 13. Qxc6 Rb8 14. exf5
Bxf5 15. Nb3 Kh8 16. Be3 Bd3 17. Bxa7 Bb5 18. Qf3 Bxf1 19. Rxf1 Rc8 20. Nd4 Qd7
21. Qc6 Qf7 22. a4 Ng4 23. Nb5 Ne5 24. Qb7 Qc4 25. Bd4 Qxa4 26. Nxc7 Rb8 27.
Qd5 Rf7 28. Bxe5 Rxc7 29. Qxd6 Rcb7 30. Bxb7 Qe8 31. Qxb8 1-0

[Event "FIDE Open World Blitz 2021"]
[Site "Warsaw"]
[Date "2021.12.29"]
[Round "4.19"]
[White "Zilka, Stepan"]
[Black "Gajewski, Grzegorz"]
[Result "1/2-1/2"]
[WhiteElo "2593"]
[BlackElo "2589"]
[Annotator "ChessBase"]
[PlyCount "86"]
[EventDate "2021.12.29"]
[EventType "swiss"]
[EventCountry "POL"]
[Tiebreak "Cut1 Buchholz"]
[SourceTitle "playchess.com"]
[Source "ChessBase"]
[SourceQuality "1"]

1. e4 c5 2. Nf3 e6 3. d4 cxd4 4. Nxd4 a6 5. Bd3 Bc5 6. Nb3 Ba7 7. Qe2 Nc6 8.
Be3 Bxe3 9. Qxe3 Nf6 10. O-O O-O 11. Nc3 d6 12. f4 e5 13. h3 b5 14. Rf2 b4 15.
Nd5 a5 16. Raf1 a4 17. Nd2 a3 18. bxa3 bxa3 19. Bc4 Nxd5 20. Bxd5 Ra6 21. Nc4
Nb4 22. fxe5 Nxd5 23. exd5 dxe5 24. Qxe5 f6 25. Qd4 Ra4 26. Qc5 Ba6 27. Nb6 Re4
28. Rd1 Rfe8 29. d6 Qb8 30. Qc7 Qxc7 31. dxc7 Re1+ 32. Rxe1 Rxe1+ 33. Kh2 Kf7
34. Rd2 Ra1 35. c4 Rb1 36. c8=Q Bxc8 37. Nxc8 Rb2 38. Rd3 Rxa2 39. Rc3 Ra1 40.
Kg3 a2 41. Rc2 Ke6 42. c5 Kd7 43. Na7 Ke8 1/2-1/2

[Event "FIDE Open World Blitz 2021"]
[Site "Warsaw"]
[Date "2021.12.29"]
[Round "4.20"]
[White "Sargsyan, Shant"]
[Black "Baum, Jonasz"]
[Result "1-0"]
[WhiteElo "2628"]
[BlackElo "2157"]
[Annotator "ChessBase"]
[PlyCount "75"]
[EventDate "2021.12.29"]
[EventType "swiss"]
[EventCountry "POL"]
[Tiebreak "Cut1 Buchholz"]
[SourceTitle "playchess.com"]
[Source "ChessBase"]
[SourceQuality "1"]

1. d4 Nf6 2. c4 e6 3. Nf3 d5 4. Nc3 Bb4 5. cxd5 exd5 6. Bf4 Ne4 7. Rc1 Nc6 8.
Nd2 g5 9. Be3 Nxc3 10. bxc3 Ba3 11. Rb1 f5 12. g3 Bd6 13. Nf3 f4 14. Bc1 Qf6
15. Bg2 b6 16. O-O Bb7 17. e4 dxe4 18. Nd2 O-O-O 19. Qg4+ Kb8 20. Nxe4 Qg6 21.
Qxg5 Nxd4 22. cxd4 Bxe4 23. Qxg6 Bxg6 24. Rb3 fxg3 25. hxg3 h5 26. Bg5 Rde8 27.
a4 Bc2 28. Rb2 Bxa4 29. Ra1 h4 30. Bxh4 Bd7 31. f4 c5 32. Rba2 a5 33. Rb1 Bc7
34. dxc5 Ka7 35. Rxa5+ bxa5 36. Rb7+ Ka6 37. Rxc7 Bc8 38. Bf1+ 1-0

[Event "FIDE Open World Blitz 2021"]
[Site "Warsaw"]
[Date "2021.12.29"]
[Round "4.20"]
[White "Martirosyan, Haik M."]
[Black "Narayanan.S.L"]
[Result "1-0"]
[WhiteElo "2624"]
[BlackElo "2570"]
[Annotator "ChessBase"]
[PlyCount "99"]
[EventDate "2021.12.29"]
[EventType "swiss"]
[EventCountry "POL"]
[Tiebreak "Cut1 Buchholz"]
[SourceTitle "playchess.com"]
[Source "ChessBase"]
[SourceQuality "1"]

1. d4 Nf6 2. c4 e6 3. Nf3 d5 4. Nc3 Bb4 5. Bg5 h6 6. Bxf6 Qxf6 7. Qa4+ Nc6 8.
e3 O-O 9. Be2 dxc4 10. Qb5 Qe7 11. O-O Bd6 12. Qxc4 e5 13. d5 Nb8 14. Rac1 Nd7
15. Nb5 Nb6 16. Qb3 e4 17. Nd2 Bf5 18. Rfd1 Rfd8 19. Nf1 Be5 20. Ng3 Bg6 21. a4
a5 22. Rc2 Qb4 23. Qxb4 axb4 24. b3 Nxd5 25. Rcd2 c6 26. Bc4 Bc3 27. Nxc3 bxc3
28. Rc2 Nb6 29. Rxd8+ Rxd8 30. Be2 Nd5 31. h4 Kf8 32. h5 Bh7 33. Bc4 Ke7 34.
Ne2 Nb4 35. Rxc3 Rd1+ 36. Kh2 Bf5 37. Kg3 Na2 38. Rc2 Nb4 39. Rc3 Na2 40. Rc2
Nb4 41. Rb2 Nd3 42. Ra2 Nb4 43. Rb2 Nd3 44. Bxd3 exd3 45. Nd4 Bd7 46. b4 b6 47.
a5 bxa5 48. bxa5 Ra1 49. Nb3 Be6 50. Nxa1 1-0

[Event "FIDE Open World Blitz 2021"]
[Site "Warsaw"]
[Date "2021.12.29"]
[Round "4.21"]
[White "Abdusattorov, Nodirbek"]
[Black "Ivic, Velimir"]
[Result "0-1"]
[WhiteElo "2646"]
[BlackElo "2575"]
[Annotator "ChessBase"]
[PlyCount "66"]
[EventDate "2021.12.29"]
[EventType "swiss"]
[EventCountry "POL"]
[Tiebreak "Cut1 Buchholz"]
[SourceTitle "playchess.com"]
[Source "ChessBase"]
[SourceQuality "1"]

1. c4 e6 2. Nc3 d5 3. d4 Nf6 4. cxd5 exd5 5. Bg5 Bb4 6. e3 h6 7. Bh4 g5 8. Bg3
Ne4 9. Nge2 h5 10. h3 Nc6 11. Bh2 Qf6 12. f3 Nxc3 13. Nxc3 Bf5 14. Bb5 O-O-O
15. O-O Bd6 16. Bxd6 Qxd6 17. Qa4 g4 18. fxg4 hxg4 19. Rxf5 gxh3 20. Rxd5 Qg3
21. Rxd8+ Kxd8 22. Bxc6 Qxe3+ 23. Kf1 h2 24. g3 bxc6 25. Kg2 h1=B+ 26. Rxh1
Qd2+ 27. Kf3 Rxh1 28. Qxc6 Rf1+ 29. Kg4 Qxd4+ 30. Kh3 Qh8+ 31. Kg4 f5+ 32. Kg5
Qg7+ 33. Kh5 Rh1+ 0-1

[Event "FIDE Open World Blitz 2021"]
[Site "Warsaw"]
[Date "2021.12.29"]
[Round "4.21"]
[White "Asadli, Vugar"]
[Black "Vakhidov, Jakhongir"]
[Result "1-0"]
[WhiteElo "2386"]
[BlackElo "2557"]
[Annotator "ChessBase"]
[PlyCount "98"]
[EventDate "2021.12.29"]
[EventType "swiss"]
[EventCountry "POL"]
[Tiebreak "Cut1 Buchholz"]
[SourceTitle "playchess.com"]
[Source "ChessBase"]
[SourceQuality "1"]

1. e4 c5 2. Nc3 Nc6 3. Bb5 Nd4 4. Nf3 a6 5. Bd3 g6 6. Nxd4 cxd4 7. Ne2 d5 8.
O-O Bg7 9. exd5 Qxd5 10. c3 Nh6 11. Nxd4 e5 12. Re1 O-O 13. Be4 Qd6 14. Nb3 f5
15. Bc2 e4 16. h3 Rd8 17. d4 b6 18. a4 a5 19. Bg5 Re8 20. Qd2 Nf7 21. Bf4 Qf6
22. d5 Ne5 23. Nd4 Nc4 24. Qe2 Ba6 25. Nb5 Nxb2 26. d6 g5 27. Be3 Red8 28. Bb3+
Kh8 29. Qxb2 Bxb5 30. Bd4 Qxd6 31. Bxg7+ Kxg7 32. axb5 Kg6 33. Rad1 Qf4 34. c4
a4 35. Ba2 Qc7 36. Qc3 Qc5 37. Bb1 a3 38. Ba2 h5 39. Qe3 Qc7 40. f3 Rxd1 41.
Rxd1 Rd8 42. Rd5 Rxd5 43. cxd5 Qc2 44. Qxb6+ Kh7 45. Qa7+ Kh8 46. Qd4+ Kh7 47.
d6 Qxa2 48. d7 Qb1+ 49. Kh2 Qb2 1-0

[Event "FIDE Open World Blitz 2021"]
[Site "Warsaw"]
[Date "2021.12.29"]
[Round "4.22"]
[White "Kovalev, Vladislav"]
[Black "Laith, Kasib"]
[Result "1-0"]
[WhiteElo "2634"]
[BlackElo "2010"]
[Annotator "ChessBase"]
[PlyCount "90"]
[EventDate "2021.12.29"]
[EventType "swiss"]
[EventCountry "POL"]
[Tiebreak "Cut1 Buchholz"]
[SourceTitle "playchess.com"]
[Source "ChessBase"]
[SourceQuality "1"]

1. e4 d6 2. d4 Nf6 3. Nc3 g6 4. Be3 c6 5. Qd2 b5 6. f3 Nbd7 7. g4 Nb6 8. h4 h5
9. g5 Nfd7 10. f4 e6 11. f5 Bb7 12. f6 b4 13. Nd1 c5 14. Nf2 Qc7 15. Nf3 d5 16.
dxc5 Nxc5 17. Bb5+ Bc6 18. Bxc6+ Qxc6 19. exd5 Nxd5 20. O-O-O Rd8 21. Qe2 Bd6
22. Nd4 Qa4 23. Qb5+ Qxb5 24. Nxb5 Nxe3 25. Rxd6 O-O 26. Re1 Nc4 27. Rc6 Rd5
28. Nc7 Rf5 29. Ne4 Nxe4 30. Rxc4 Nd6 31. Rxb4 Rc5 32. Rd1 Rxc7 33. Rxd6 Rfc8
34. Rbd4 Rxc2+ 35. Kd1 Rxb2 36. Rd8+ Rxd8 37. Rxd8+ Kh7 38. Rd7 Rh2 39. Rxf7+
Kg8 40. Rg7+ Kf8 41. Rxg6 Rxh4 42. Rh6 Rg4 43. g6 Kg8 44. f7+ Kg7 45. Rh8 Rd4+
1-0

[Event "FIDE Open World Blitz 2021"]
[Site "Warsaw"]
[Date "2021.12.29"]
[Round "4.22"]
[White "Antipov, Mikhail Al."]
[Black "Mamedov, Rauf"]
[Result "1/2-1/2"]
[WhiteElo "2587"]
[BlackElo "2673"]
[Annotator "ChessBase"]
[PlyCount "103"]
[EventDate "2021.12.29"]
[EventType "swiss"]
[EventCountry "POL"]
[Tiebreak "Cut1 Buchholz"]
[SourceTitle "playchess.com"]
[Source "ChessBase"]
[SourceQuality "1"]

1. e4 c5 2. Nf3 Nc6 3. Nc3 g6 4. d4 cxd4 5. Nxd4 Bg7 6. Be3 Nf6 7. Bc4 O-O 8.
Bb3 d6 9. h3 Na5 10. Qd2 Bd7 11. Bh6 Bxh6 12. Qxh6 Rc8 13. Qe3 Qb6 14. Nd5 Nxd5
15. exd5 Rfe8 16. O-O Nc4 17. Qc3 Qa5 18. Qxa5 Nxa5 19. Rfd1 a6 20. c3 Nc4 21.
Bxc4 Rxc4 22. Rd2 Rec8 23. Re1 Kf8 24. g4 b5 25. a3 a5 26. Nc2 Rf4 27. Kg2 g5
28. f3 Rc5 29. Kg3 h6 30. Re3 Bc8 31. b4 axb4 32. axb4 Rc7 33. Nd4 Bd7 34. Rde2
Be8 35. Nf5 Rfc4 36. Rxe7 Rxe7 37. Rxe7 Rxc3 38. Rb7 Rd3 39. Nxd6 Rxd5 40. Nf5
h5 41. Rb8 h4+ 42. Kf2 f6 43. Ke3 Kf7 44. Rb7+ Bd7 45. Ke4 Rd1 46. Nd4 Ke8 47.
Rb8+ Ke7 48. Nf5+ Kf7 49. Rb7 Ke8 50. Rb8+ Kf7 51. Rb7 Ke8 52. Rb8+ 1/2-1/2

[Event "FIDE Open World Blitz 2021"]
[Site "Warsaw"]
[Date "2021.12.29"]
[Round "4.23"]
[White "Fridman, Daniel"]
[Black "Najer, Evgeniy"]
[Result "1-0"]
[WhiteElo "2626"]
[BlackElo "2654"]
[Annotator "ChessBase"]
[PlyCount "57"]
[EventDate "2021.12.29"]
[EventType "swiss"]
[EventCountry "POL"]
[Tiebreak "Cut1 Buchholz"]
[SourceTitle "playchess.com"]
[Source "ChessBase"]
[SourceQuality "1"]

1. d4 d5 2. c4 e5 3. e3 exd4 4. exd4 Nf6 5. Nc3 Bb4 6. Nf3 O-O 7. Be2 Ne4 8.
Qb3 Bxc3+ 9. bxc3 dxc4 10. Qxc4 Re8 11. Be3 Be6 12. Qb4 Bd5 13. c4 c5 14. Qb2
Qa5+ 15. Kf1 Bc6 16. d5 Ba4 17. Qxb7 Nd7 18. Qb2 Rab8 19. Qc1 Ndf6 20. h3 Qc3
21. Kg1 Rb2 22. Qxc3 Nxc3 23. Bf1 Nd1 24. Bxc5 Ne4 25. Bxa7 Ndxf2 26. Rh2 Ra8
27. Bd4 Rc2 28. g4 Bd7 29. Bxf2 1-0

[Event "FIDE Open World Blitz 2021"]
[Site "Warsaw"]
[Date "2021.12.29"]
[Round "4.23"]
[White "Yunusov, Mukhammad"]
[Black "Schneider, Ilja"]
[Result "0-1"]
[WhiteElo "1874"]
[BlackElo "2486"]
[Annotator "ChessBase"]
[PlyCount "62"]
[EventDate "2021.12.29"]
[EventType "swiss"]
[EventCountry "POL"]
[Tiebreak "Cut1 Buchholz"]
[SourceTitle "playchess.com"]
[Source "ChessBase"]
[SourceQuality "1"]

1. d4 d5 2. Bf4 c5 3. e3 cxd4 4. exd4 Nc6 5. c3 f6 6. Nf3 g5 7. Bg3 h5 8. h3
Nh6 9. Bd3 Nf5 10. Nbd2 Bh6 11. Qc2 Nxg3 12. Bg6+ Kf8 13. fxg3 Qd6 14. O-O-O
Bd7 15. Bxh5 Rc8 16. Kb1 Nb4 17. Qb3 Bf5+ 18. Ne4 Bxe4+ 19. Kc1 g4+ 20. Rd2
Nd3+ 21. Kd1 gxf3 22. gxf3 Bxd2 23. fxe4 Nf2+ 24. Kxd2 Nxh1 25. Bg4 Rd8 26.
Qxb7 Nxg3 27. Bf3 Nxe4+ 28. Ke3 Rxh3 29. Qxa7 Rxf3+ 30. Kxf3 Qg3+ 31. Ke2 Qf2+
0-1

[Event "FIDE Open World Blitz 2021"]
[Site "Warsaw"]
[Date "2021.12.29"]
[Round "4.24"]
[White "Harsha, Bharathakoti"]
[Black "Adly, Ahmed"]
[Result "1-0"]
[WhiteElo "2576"]
[BlackElo "2602"]
[Annotator "ChessBase"]
[PlyCount "129"]
[EventDate "2021.12.29"]
[EventType "swiss"]
[EventCountry "POL"]
[Tiebreak "Cut1 Buchholz"]
[SourceTitle "playchess.com"]
[Source "ChessBase"]
[SourceQuality "1"]

1. Nf3 d5 2. e3 Nf6 3. c4 c6 4. Nc3 g6 5. d4 Bg7 6. Be2 O-O 7. O-O a5 8. b3 Ne4
9. Bb2 Bg4 10. Nxe4 dxe4 11. Ng5 Bf5 12. g4 e5 13. h4 h6 14. gxf5 hxg5 15. fxg6
exd4 16. Bxd4 Bxd4 17. Qxd4 Qxd4 18. gxf7+ Rxf7 19. exd4 gxh4 20. Kh1 a4 21. b4
a3 22. Rg1+ Kf8 23. Rg4 Rxf2 24. Rxe4 Ra4 25. Kg1 Rf7 26. Rb1 Na6 27. Bh5 Rg7+
28. Kh2 Rd7 29. Rf1+ Kg7 30. Rg4+ Kh6 31. Be8 Re7 32. Rf8 Kh7 33. Bg6+ Kg7 34.
Rff4 Rxb4 35. Bd3+ Kh6 36. Rxh4+ Kg5 37. Rhg4+ Kh5 38. Rh4+ Kg5 39. Rfg4+ Kf6
40. Rg6+ Kf7 41. Rh7+ Kf8 42. Rh8+ Kf7 43. Rh7+ Kf8 44. Rf6+ Ke8 45. Bg6+ Kd7
46. Bf5+ Kd8 47. Rf8+ Kc7 48. Rxe7+ Kb6 49. c5+ Ka7 50. Ree8 Nc7 51. Rc8 Rb2+
52. Kg3 Rxa2 53. Rxc7 Rd2 54. Rcc8 Ka6 55. Ra8+ Kb5 56. Rxa3 Rxd4 57. Rb3+ Kxc5
58. Rxb7 Ra4 59. Bg4 Ra3+ 60. Rf3 Ra1 61. Rc3+ Kd6 62. Rd7+ Ke5 63. Re3+ Kf6
64. Re6+ Kg5 65. Rg7# 1-0

[Event "FIDE Open World Blitz 2021"]
[Site "Warsaw"]
[Date "2021.12.29"]
[Round "4.24"]
[White "Lopusiewicz, Piotr"]
[Black "Artemiev, Vladislav"]
[Result "0-1"]
[WhiteElo "2279"]
[BlackElo "2699"]
[Annotator "ChessBase"]
[PlyCount "102"]
[EventDate "2021.12.29"]
[EventType "swiss"]
[EventCountry "POL"]
[Tiebreak "Cut1 Buchholz"]
[SourceTitle "playchess.com"]
[Source "ChessBase"]
[SourceQuality "1"]

1. d4 d5 2. c4 e6 3. Nf3 Nf6 4. Nc3 Nbd7 5. cxd5 exd5 6. Bg5 c6 7. e3 Be7 8.
Bd3 Ne4 9. Bf4 Ndf6 10. h3 O-O 11. Qc2 Re8 12. O-O Bf5 13. Ne5 Bf8 14. f3 Nxc3
15. Bxf5 Nb5 16. Rad1 g6 17. Bd3 Nc7 18. Qf2 Ne6 19. Bh2 Bg7 20. f4 Qe7 21. Bb1
c5 22. Bg3 cxd4 23. exd4 Nh5 24. f5 Nf8 25. fxg6 fxg6 26. Bh4 g5 27. Bg3 Qf6
28. Qd2 Qb6 29. Bf2 Nf4 30. Be3 h6 31. Kh1 Nh5 32. Qd3 Ng3+ 33. Kg1 Nxf1 34.
Rxf1 Qe6 35. a3 Re7 36. Ba2 Rd8 37. Qb5 a6 38. Qd3 Rd6 39. Bd2 Qc8 40. Bb4 Qd8
41. Bxd6 Qxd6 42. Qf5 Qe6 43. Qxe6+ Nxe6 44. Bxd5 Kh7 45. Be4+ Kg8 46. Bd5 Bxe5
47. dxe5 Kg7 48. Rc1 Nf4 49. Bf3 Nd3 50. Rd1 Nxe5 51. Bd5 Rd7 0-1